Albums de Red Hot Chili Peppers - Statistiques

Statistiques générales
  • Ce quiz a été pris 90 fois
  • Le résultat moyen est 10 sur 13
Statistiques - réponses
Année Réponse % Correct
1999 Californication
99%
2006 Stadium Arcadium
94%
2002 By the Way
91%
1995 One Hot Minute
85%
1984 The Red Hot Chili Peppers
85%
1991 Blood Sugar Sex Magik
82%
1989 Mother's Milk
76%
2022 Unlimited Love
76%
2016 The Getaway
68%
2011 I'm With You
67%
2022 Return of the Dream Canteen
62%
1985 Freaky Styley
58%
1987 The Uplift Mofo Party Plan
51%
Aucun quiz correspondant
Distribution des résultats
% des personnes avec chaque résultat
Percentile par nombre de réponses
Votre historique - résultats
Vous n’avez pas pris ce quiz